Catálogo
 En Linea

Tratamiento postoperatorio / (Registro nro. 36208)

Detalles MARC
000 -CABECERA
campo de control de longitud fija 00692nam a2200217 a 4500
001 - NÚMERO DE CONTROL
campo de control 000036717
005 - FECHA Y HORA DE LA ÚLTIMA TRANSACCIÓN
campo de control 20200930075907.0
008 - DATOS DE LONGITUD FIJA--INFORMACIÓN GENERAL
campo de control de longitud fija 120126s1988 sp a 000 0 spa d
020 ## - NÚMERO INTERNACIONAL ESTÁNDAR DEL LIBRO
Número Internacional Estándar del Libro 0713144769
040 ## - FUENTE DE LA CATALOGACIÓN
Centro catalogador/agencia de origen DO-SdBNP
Lengua de catalogación spa
Centro/agencia transcriptor BNPHU
100 1# - ENTRADA PRINCIPAL--NOMBRE DE PERSONA
Nombre de persona Dodson, Margaret E.
9 (RLIN) 63025
240 14 - TÍTULO UNIFORME
Título uniforme The Management of postoperative
Lenguaje de la obra Español
245 10 - MENCIÓN DE TÍTULO
Título Tratamiento postoperatorio /
Mención de responsabilidad, etc. Margaret E. Dodson.
260 ## - PUBLICACIÓN, DISTRIBUCIÓN, ETC.
Lugar de publicación, distribución, etc. Barcelona :
Nombre del editor, distribuidor, etc. Salvat,
Fecha de publicación, distribución, etc. 1988.
300 ## - DESCRIPCIÓN FÍSICA
Extensión 353 p. :
Otras características físicas il. ;
Dimensiones 22 cm.
430 1# -
-- Anestesia
-- 8
500 ## - NOTA GENERAL
Nota general Traducido del idioma inglés
700 1# - PUNTO DE ACCESO ADICIONAL--NOMBRE DE PERSONA
Nombre de persona Mauri Mas, Assumpta
Término indicativo de función/relación tr.
9 (RLIN) 63026
700 1# - PUNTO DE ACCESO ADICIONAL--NOMBRE DE PERSONA
Nombre de persona Puerta López-Cozar, José Luis
Término indicativo de función/relación tr.
9 (RLIN) 63027
830 #0 - PUNTO DE ACCESO ADICIONAL DE SERIE-TÍTULO UNIFORME
Título uniforme Anestesia
Número de parte o sección de la obra 8
9 (RLIN) 63028
Existencias
Estado de retiro Estado de pérdida Restricciones de uso No para préstamo Código de colección Localización permanente Ubicación/localización actual Ubicación en estantería Fecha de adquisición Número de inventario Total de préstamos Signatura topográfica completa Código de barras Fecha visto por última vez Precio válido a partir de Tipo de ítem Koha
      Excluido de préstamo Monografías: Libros y Folletos General General En catalogación 26.01.2012 LF1   36717-10 25.06.2020 25.06.2020 No se presta

Con tecnología Koha